01110cam a2200265 a 45000010008000000030004000080050017000120080041000290100017000700200015000870400017001020430012001190500027001310820027001582450150001852600096003353000029004314400039004605000096004995040029005956500082006246500060007067000016007667100062007823860592OSt20220310162426.0890324s1987 fi a b f100 0 eng  a 88131990  a9514703480 aDLCcHUdDLC ad------00aSD356.54.D44bF67 198700a634.9/072 TEM 198721900aForestry research management /cauthors, A.B. Temu ... [et al.] ; ed., Forestry Training Programme (FTP), National Board of Vocational Education. aHelsinki, Finland :bFinnida :bAvailable through Forestry Training Programme (FTP),c1987. a166 p. :bill. ;c26 cm. 0aFTP publications,x0783-1757 ;v20 aBased on papers presented at a training course held in Nairobi, Kenya, 13-29 October, 1986. aIncludes bibliographies. 0aForests and forestryxResearchzDeveloping countriesxManagementxCongresses. 0aForests and forestryxResearchxManagementxCongresses.1 aTemu, A. B.2 aKehitiysmaiden metsä- ja puutalouden koulutus (Finland)